Samostatne zárobková činnosť vo vidieckom Mexiku po NAFTA. Odporúčania verejných politík

Gespeichert in:
Bibliographische Detailangaben
1. Verfasser: Chaparro, Alejandro Garcia
Format: Buchkapitel
Sprache:Englisch
Tags: Tag hinzufügen
Keine Tags, Fügen Sie das erste Tag hinzu!

MARC

LEADER 00000nla a2200000 4500
001 0181005
005 20240502073110.6
041 0 |a eng 
044 |a SK 
245 1 0 |a Samostatne zárobková činnosť vo vidieckom Mexiku po NAFTA. Odporúčania verejných politík  |c Alejandro Chaparro 
100 1 |a Chaparro, Alejandro Garcia